| 000 | 00401 a2200145 4500 | ||
|---|---|---|---|
| 001 | 154289 | ||
| 040 | _cEscola São Tomás de Aquino | ||
| 100 | _aMADU, Costa | ||
| 240 | 1 | 0 |
_aZumbi dos Palmares _lpor |
| 245 | 1 | 0 | _aZumbi dos Palmares |
| 362 | 0 | _a2013 | |
| 440 | 1 | _aMazza | |
| 697 | _aLiteratura de cordel Livros de bolso ou folhetos com histórias e músicas populares | ||
| 942 | _cBK | ||
| 999 |
_c154289 _d154289 |
||